Music Quiz

Random Music or Album Quiz
Score 0/18 Timer 03:00
0 Plays Today
Album Band % Correct
Alice in HellAnnihilator
75%
Metal on Metal Anvil
70%
Killing TechnologyVoivod
60%
None So Vile Cryptopsy
55%
Violence & ForceExciter
45%
Considered DeadGorguts
45%
CityStrapping Young Lad
45%
Ocean Machine: BiomechDevin Townsend
45%
Violent RestitutionRazor
30%
Album Band % Correct
Advance and Vanquish3 Inches of Blood
30%
One-X3 Days Grace
30%
Serenity in FireKataklysm
25%
Woods 5: Grey Skies & Electric LightWoods of Ypres
25%
No Rest for the WickedHelix
25%
SpitKittie
20%
Forward to TerminationSacrifice
15%
ApexUnleash the Archers
15%
The AuraBeyond Creation
15%

You're not logged in!

Compare scores with friends on all Sporcle quizzes.
OR
Log In

Sporcle TV

Today on Sporcle TV


Watch our educational content, quiz creation guides, and fun videos on Sporcle TV.

Show Comments

Extras

Created Sep 30, 2019ReportNominate
Tags:Album Quiz, Canadian, metal

Top Quizzes Today


Score Distribution

Paid Content

Your Account Isn't Verified!

In order to create a playlist on Sporcle, you need to verify the email address you used during registration. Go to your Sporcle Settings to finish the process.

Report this User

Report this user for behavior that violates our Community Guidelines.

Details: